Normal view
MARC view
- ضيف،خيرت / م.مشارك احمد بسيوني شحاته
Entry Personal Name
001 - CONTROL NUMBER
- control field: 45712
003 - CONTROL NUMBER IDENTIFIER
- control field: JO-AjAnu
005 - DATE AND TIME OF LATEST TRANSACTION
- control field: 20230606081547.0
008 - FIXED-LENGTH DATA ELEMENTS
- fixed length control field: 230606|| aca||aabn | a|a d
040 ## - CATALOGING SOURCE
- Original cataloging agency: JO-AjAnu
- Transcribing agency: JO-AjAnu
100 ## - HEADING--PERSONAL NAME
- Personal name: ضيف،خيرت / م.مشارك احمد بسيوني شحاته
670 ## - SOURCE DATA FOUND
- Source citation: Work cat.: (JO-AjAnu)23403: ضيف،خيرت / م.مشارك احمد بسيوني شحاته, author, في تطور الفكر المحاسبي